000 00300nam a22001217a 4500
020 _a81-7008-496-2
082 _a004
_bBAN/C
100 _aRAMESH BANGIA
245 _aCOMPREHENSIVE INFORMATICS PRACTICES
_bCLASS XI
260 _aDELHI
_bLAXMI PUBLICATIONS
650 _aIP FOR CLASS XI
_zINDIA
942 _cBK
999 _c563
_d563